Álbum do Tribunal de Contas do Estado do Rio Grande do Sul : (Record no. 1513)
[ view plain ]
| 000 -LÍDER | |
|---|---|
| Campo Fixo de Controle | 00844nam a2200217 a 4500 |
| 001 - NÚMERO DE CONTROLE | |
| Campo de Controle | 1513 |
| 003 - IDENTIFICAÇÃO DO NÚMERO DE CONTROLE | |
| Campo de Controle | BR-CuiBMT |
| 005 - DATA E HORA DA ÚLTIMA ATUALIZAÇÃO | |
| Campo de Controle | 20231219192748.0 |
| 008 - DADOS FIXOS | |
| Dados Fixos | 231213s2005 rsba 000 0 por d |
| 040 ## - AGÊNCIA CATALOGADORA | |
| Código da Agência Catalogadora | BR-CuiBMT |
| Agência que transcreveu o registro | BR-CuiBMT |
| 080 ## - Nº DA CLASSIFICAÇÃO DECIMAL UNIVERSAL | |
| Nº Class. CDU | 351.94:336.148 |
| Subd. Auxiliar Comum | (816.5) |
| Nº edição CDU | 2007 |
| 090 ## - NÚMERO DE CHAMADA | |
| Nº classificação | 351.94:336.148(816.5) |
| Cutter | R585a |
| 110 1# - ENTRADA PRINCIPAL -- ENTIDADE | |
| Nome da entidade ou lugar | Rio Grande do Sul. |
| Unidade subordinada | Tribunal de Contas. |
| 245 10 - TÍTULO PRINCIPAL | |
| Título principal | Álbum do Tribunal de Contas do Estado do Rio Grande do Sul : |
| Subtítulo | edição especial 70 anos : 1935-2005 / |
| Indicação de responsabilidade | Tribunal de Contas do Estado. |
| 260 ## - PUBLICAÇÃO, DISTRIBUIÇÃO, ETC. | |
| Local de publicação | Porto Alegre : |
| Editora | TCE-RS, |
| Data | [2006?]. |
| 300 ## - DESCRIÇÃO FÍSICA | |
| N. páginas ou volumes | 110 p. : |
| Ilustrações | il. color. ; |
| Dimensões | 29 x 29 cm |
| 610 1# - ASSUNTO -- ENTIDADE | |
| Nome da Entidade ou lugar | Rio Grande do Sul. |
| Unidade subordinada | Tribunal de Contas. |
| Subdivisão geral | História |
| 650 ## - ASSUNTO TÓPICO | |
| Cabeçalho tópico ou nome geográfico | Administração pública |
| Subdivisão geral | Controle externo |
| Subdivisão geográfica | Rio Grande do Sul |
| 650 ## - ASSUNTO TÓPICO | |
| Cabeçalho tópico ou nome geográfico | Tribunal de contas |
| Subdivisão geral | História |
| Subdivisão geográfica | Porto Alegre (RS) |
| 942 ## - ELEMENTOS DE ENTRADA ADICIONAIS (KOHA) | |
| Fonte de classificação ou esquema de arquivamento | Classificação Decimal Universal |
| Tipo de item do Koha | Livros |
| Estado: removido | Estado: perdido | Fonte de classificação ou esquema de arquivamento | Estado: danificado | Indisponível para empréstimo | Localização permanente | Localização atual | Data de aquisição | Total Checkouts | Número de Chamada completo | Código de barras | Date last seen | Número do exemplar | Preço efetivo a partir de | Tipo de item (Koha) |
|---|---|---|---|---|---|---|---|---|---|---|---|---|---|---|
| Classificação Decimal Universal | Biblioteca da Escola Superior de Contas do TCE/MT | Biblioteca da Escola Superior de Contas do TCE/MT | 13/12/2023 | 351.94:336.148(816.5) R585a | BIBTCEMT23120437 | 13/12/2023 | Ex. 1 | 13/12/2023 | Livros |